| 000 | 02486cam a22003858i 4500 | ||
|---|---|---|---|
| 003 | OSt | ||
| 005 | 20250610101526.0 | ||
| 006 | m |o d | | ||
| 008 | 210413s2021 nyu ob 001 0 eng | ||
| 020 |
_a9781536195804 _q(adobe pdf) |
||
| 020 |
_z9781536195644 _q(hardcover) |
||
| 040 |
_aDLC _beng _cDLC _erda |
||
| 042 | _apcc | ||
| 050 | 0 | 0 |
_aRC271 _b.O53 2021 |
| 245 | 0 | 0 |
_aOncology pharmacy practice : _bthe clinical pharmacist's perspective / _cSongul Tezcan, & Sule Rabus, editors. |
| 263 | _a2107 | ||
| 264 | 1 |
_aNew York : _bNova Science Publishers, _c[2021] |
|
| 300 | _a1 online resource | ||
| 336 |
_atext _btxt _2rdacontent |
||
| 337 |
_acomputer _bc _2rdamedia |
||
| 338 |
_aonline resource _bcr _2rdacarrier |
||
| 490 | 0 | _aPharmacology - research, safety testing and regulation | |
| 504 | _aIncludes bibliographical references and index. | ||
| 520 |
_a"Incidence of cancer is increasing all over the world and personalized therapies have become the trend in cancer therapy. Multidisciplinary approaches provide successful results for personalized therapies. As a part of a multidisciplinary healthcare team, oncology pharmacists (OPs) contribute to the rational use of chemotherapy by providing individual pharmaceutical care for cancer patients. A multidisciplinary approach is crucial for the success of cancer therapy. Pharmacists acting as a counsellor for medication-related issues in the multidisciplinary team have a vital role in the oncology setting. OPs are the clinical pharmacists specialized in oncology and they are involved in planning and implementation of pharmaceutical care. Additionally, OPs play an important role in providing comprehensive medication management and related care for cancer patients. We hope that this book will contribute to pharmacists' knowledge and practice in cancer management by provision of a clinical pharmacist's perspective"-- _cProvided by publisher. |
||
| 588 | _aDescription based on print version record and CIP data provided by publisher; resource not viewed. | ||
| 650 | 0 |
_aCancer _xChemotherapy. |
|
| 650 | 0 | _aClinical pharmacology. | |
| 700 | 1 |
_aTezcan, Songul, _eeditor. |
|
| 700 | 1 |
_aRabus, Sule, _eeditor. |
|
| 700 | 1 |
_aSancar, Mesut, _eeditor. |
|
| 776 | 0 | 8 |
_iPrint version: _tOncology pharmacy practice _dNew York : Nova Science Publishers, [2021] _z9781536195644 _w(DLC) 2021017278 |
| 906 |
_a7 _bcbc _corignew _d1 _eecip _f20 _gy-gencatlg |
||
| 942 |
_2lcc _cBK |
||
| 999 |
_c20714 _d20713 |
||